LEARNING PEARL (Record no. 183877)
[ view plain ]
| 000 -LEADER | |
|---|---|
| fixed length control field | 00228nam a2200097Ia 4500 |
| 050 ## - LIBRARY OF CONGRESS CALL NUMBER | |
| Classification number | QA76.73.P22S38 |
| 100 ## - MAIN ENTRY--PERSONAL NAME | |
| Personal name | RANDALL L. SCHWARTZ |
| 245 #0 - TITLE STATEMENT | |
| Title | LEARNING PEARL |
| 942 ## - ADDED ENTRY ELEMENTS (KOHA) | |
| Koha item type | Long Loan Book |
| Withdrawn status | Lost status | Source of classification or shelving scheme | Damaged status | Not for loan | Home library | Current library | Shelving location | Inventory number | Total checkouts | Full call number | Barcode | Date last seen | Copy number | Koha item type | Collection | Date acquired | Price effective from |
|---|---|---|---|---|---|---|---|---|---|---|---|---|---|---|---|---|---|
| Library of Congress Classification | Kisii University Library | Kisii University Library | On Display | 71005 | QA 76.73 .P22 S38 1977 | 011851 | 09/15/2023 | C.1 | Long Loan Book | ||||||||
| Library of Congress Classification | Kisii University Library | Kisii University Library | On Display | 78243 | QA 76.73 P22 S38 1997 | 011443 | 05/15/2025 | C.2 | Long Loan Book | Science & Technology | 05/15/2025 | 05/15/2025 |